000 00317nam a2200121Ia 4500
008 220217s9999 xx 000 0 und d
245 0 _aSpecification for rubber teats for feeding bottles.
260 _c1966
500 _aStandard number: IS 3565
650 _aFeeding bottle
650 _aRubber teats
942 _cST
999 _c73703
_d73703